| 000 | 00977cam a22002774a 4500 | ||
|---|---|---|---|
| 003 | OSt | ||
| 005 | 20140310182527.0 | ||
| 008 | 091201s2010 enka b 001 0 eng | ||
| 020 | _a9780521132282 (pbk.) | ||
| 020 | _a0521132282 (pbk.) | ||
| 050 | 0 | 0 |
_aR 852 _b.M87 2010 |
| 100 |
_aSmith, Juliet Usher _99546 |
||
| 245 | 0 | 0 |
_aResearch in medicine : _bplanning a project, writing a thesis / _cJuliet Usher-Smith ... [et al.] ; with line drawings by David Langdon.. |
| 250 | _a3rd ed. | ||
| 260 |
_aCambridge ; _aNew York : _bCambridge University Press, _cc2010. |
||
| 300 |
_a133 p. : _bill. ; _c22 cm. |
||
| 500 | _aIncludes bibliographical references (p. 123) and index. | ||
| 520 | _a | ||
| 650 | 0 |
_aMedicine _xResearch. _99547 |
|
| 650 | 0 |
_aMedical writing. _99548 |
|
| 650 | 0 |
_aDissertations, Academic. _99549 |
|
| 700 | 1 |
_aUsher-Smith, Juliet A. _99550 |
|
| 700 | 1 |
_aMurrell, George, _d1960- _tResearch in medicine. _99551 |
|
| 942 |
_2lcc _cSSLC |
||
| 999 |
_c14080 _d14080 |
||